000 01440nam a22004937a 4500
001 BR2022001034
003 BR-BrBNA
005 20230928105706.0
007 ta
008 230509b bl.||||| |||| 00| 0 por d
040 _aBR-BrBNA
_bpor
_cBiblioteca Nacional de Agricultura
041 _a(Por)
072 _aH20; H01
_b0336
_b4120
090 _ 0336 BR2022001034
100 1 _aNunes Júnior, J.
100 1 _aGuerzoni, R.A.
100 1 _aSousa, R.P. de
100 1 _aMonteiro, P.M.F.O.
100 1 _aYorinori, J.T.
100 1 _aGodoy, C.V.
100 1 _aSilva, L.O. e
100 1 _aNunes Sobrinho, J.B.
100 1 _aAssunção, M. da S.
100 1 _aSeii, A.H.
100 1 _aSouza, P.I. de M. de
100 1 _aSilva, S.A. da
100 1 _aMoreira, C.T.
100 1 _aSilva, L.H.C.P.
110 1 _aCentro Tecnológico para Pesquisas Agropecuárias Ltda., Goiânia, GO (Brasil)
245 1 _aFerrugem da soja: evolução, sintomas, danos e controle; "ferrugem asiática"
_bConvênio Cerrados: Embrapa, AgênciaRural, CTPA
260 3 _aGoiânia, GO (Brasil):
_c2004.
300 _a20 p.
500 _a15 ref.; 23 illus.; 5 tables
650 _aSOJA
650 _aPLANTA OLEAGINOSA
650 _aFERRUGEM
650 _aDOENÇA FÚNGICA
650 _aSINTOMA
650 _aDANO
650 _aMANEJO
650 _aCONTROLE QUÍMICO
909 _a202309
_bLucia
_c55
_dLucia Elande
942 _cBK
999 _c86225
_d86225